Facilities management and the business of managing assets (Record no. 114939)

MARC details
000 -LEADER
fixed length control field 00922cam a22002415a 4500
001 - CONTROL NUMBER
control field L157729
008 - FIXED-LENGTH DATA ELEMENTS--GENERAL INFORMATION
fixed length control field 130417s2013 xxk f 000 0 eng d
020 ## - INTERNATIONAL STANDARD BOOK NUMBER
International Standard Book Number 9780415274944
035 ## - SYSTEM CONTROL NUMBER
System control number (Sirsi) u157729
041 0# - LANGUAGE CODE
Language code of text/sound track or separate title eng
050 04 - LIBRARY OF CONGRESS CALL NUMBER
Classification number 690.23 $2 18
100 1# - MAIN ENTRY--PERSONAL NAME
Personal name Shiem-Shin Then, Danny
245 00 - TITLE STATEMENT
Title Facilities management and the business of managing assets
260 ## - PUBLICATION, DISTRIBUTION, ETC.
Place of publication, distribution, etc. London
Name of publisher, distributor, etc. Routledge
Date of publication, distribution, etc. 2013
300 ## - PHYSICAL DESCRIPTION
Extent xiii, 121p.
Dimensions 24cm
520 ## - SUMMARY, ETC.
Summary, etc. Considers facilities management from the perspective of managing the assets of a business. Assets include an organisation's infrastructure, buildngs, plant and machinery as well as furniture. Looks at the role of life-cycle asset management and its contribution to business resource management.
590 ## - LOCAL NOTE (RLIN)
Local note KA
651 #4 - SUBJECT ADDED ENTRY--GEOGRAPHIC NAME
Geographic name International
690 ## - LOCAL SUBJECT ADDED ENTRY--TOPICAL TERM (OCLC, RLIN)
Topical term or geographic name as entry element Facilities management
9 (RLIN) 6240
690 ## - LOCAL SUBJECT ADDED ENTRY--TOPICAL TERM (OCLC, RLIN)
Topical term or geographic name as entry element Business and management
700 1# - ADDED ENTRY--PERSONAL NAME
Personal name Tang, Teng Hee
942 ## - ADDED ENTRY ELEMENTS (KOHA)
Suppress in OPAC 0
Holdings
Withdrawn status Lost status Source of classification or shelving scheme Damaged status Not for loan Home library Current library Shelving location Date acquired Total Checkouts Full call number Barcode Date last seen Copy number Price effective from Koha item type
    Dewey Decimal Classification     London London Books 17/04/2013   690.23 30078246 06/08/2019 1 06/08/2019 Book